01467 2200601 4500001002100000005001500021035002000036007000300056008004100059020002200100082001400122084002000136100002200156245010600178250001500284300004400299650002400343700003400367264003000401336002100431337003000452338002300482990001200505990001200517990001200529990001200541990001200553990001200565990001200577990001200589990001200601990001200613990001200625990001200637990001200649990001200661990001200673990001200685990001200697990001200709990001200721990001200733990001200745990001200757990001200769990001200781990001200793990001200805990001200817990001200829990001200841990001200853INLIS00000000000066820260108081355 a0010-0126000008ta260108 0 ind  a978-623-01-3881-2 a629.2.076 a629.2.076 FAT p0 aFathunePengarang1 aPerawatan dan Perbaikan Engine Management system Sepeda Motor XI :bSMK/MAK Kelas XI Fase F /cFathun aed 1 cet 1 axvi, 128 halaman :bilus ;c17,6 x 25cm 4ateknik sepeda motor0 aYulia Fransisca AePenyunting aYogyakarta :bAndi,c2024 2rdacontentateks 2rdamediaatanpa perantara 2rdacarrieravolume a25.1515 a25.1516 a25.1517 a25.1518 a25.1519 a25.1520 a25.1521 a25.1522 a25.1523 a25.1524 a25.1525 a25.1526 a25.1527 a25.1528 a25.1529 a25.1530 a25.1531 a25.1532 a25.1533 a25.1534 a25.1535 a25.1536 a25.1537 a25.1538 a25.1539 a25.1540 a25.1541 a25.1542 a25.1543 a25.1544